000 00721pam a2200193 a 4500
020 _a0801426014 (alk. paper)
020 _a0801499119 (pbk. : alk. paper)
040 _cDLC
082 0 0 _a338 CUP 1991 C146 Or.
245 0 0 _aAgriculture and the state :
_bgrowth, employment, and poverty in developing countries /
260 _aIthaca :
_bCornell University Press,
_c1991.
300 _axiii, 311 p. :
_bill. ;
_c23 cm.
500 _aPapers from a conference on the role of government in agricultural development, held in August 1989 in Marbach Castle on Lake Constance.
650 0 _aAgriculture and state
650 0 _aAgricultural laborers
650 0 _aRural poor
700 1 _aTimmer, C. Peter.
942 _cAEDBB
999 _c18475
_d18475